000 00711nam a22002057a 4500
001 00028440
005 20260304091934.0
008 260304b ag ||||| |||| 00| 0 spa d
040 _aAR-CcCEOS
_bspa
_cAR-CcCEOS
041 _aspa
080 _a820-2(082)
090 _bHEI
100 1 _aHeine, Heinrich,
_d1797-1856
_9746
245 _aSus mejores obras :
_bLos dioses en el destierro : el rabino de bacharach : el tambor legrand - noches florentinas de la Alemania - Italia : libros de los cantares /
_cEnrique Heine
264 _aBuenos Aires :
_bEl Ateneo,
_cc1951.
300 _a892 p. ;
_c19x13 cm.
490 _vColección Clásicos Inolvidables
655 0 _aliteratura
_919
942 _2udc
_cBK
_n0
999 _c28466
_d28466